00445cam a2200145 4500001001000000008004100010035001400051050002300065100003000088245007900118250001200197260003600209300001500245650003900260BP2001871 s1980 mx gr spa  aBP200187104aQC318b.S5 G6 19801 aGonzález Campos, Rafael10aSistemas termodinámicos fuera de equilibrio /cRafael González Campos. a1a. ed. aMéxico. bUMSNH-CONACYTc1980 a35 h. 22cm 7aTermodinámicaxEquilibrio 2Lemb